Current issues and enduring questions : (Record no. 18209)
[ view plain ]
| 000 -LEADER | |
|---|---|
| fixed length control field | 00976cam a2200289 a 4500 |
| 001 - CONTROL NUMBER | |
| control field | 16051059 |
| 005 - DATE AND TIME OF LATEST TRANSACTION | |
| control field | 20160925113301.0 |
| 008 - FIXED-LENGTH DATA ELEMENTS--GENERAL INFORMATION | |
| fixed length control field | 100112t2011 xxkeo frb 001 0 eng d |
| 010 ## - LIBRARY OF CONGRESS CONTROL NUMBER | |
| LC control number | 2010920484 |
| 020 ## - INTERNATIONAL STANDARD BOOK NUMBER | |
| International Standard Book Number | 9780312547325 |
| 020 ## - INTERNATIONAL STANDARD BOOK NUMBER | |
| International Standard Book Number | 0312547323 |
| 040 ## - CATALOGING SOURCE | |
| Original cataloging agency | BTCTA |
| Language of cataloging | eng |
| Transcribing agency | BTCTA |
| Modifying agency | GHA |
| -- | YDXCP |
| -- | CUV |
| -- | BWX |
| -- | DLC |
| 082 04 - DEWEY DECIMAL CLASSIFICATION NUMBER | |
| Edition number | 22 |
| Classification number | 168 |
| Item number | BAR |
| 100 1# - MAIN ENTRY--PERSONAL NAME | |
| Personal name | Barnet, Sylvan |
| 9 (RLIN) | 13975 |
| 245 10 - TITLE STATEMENT | |
| Title | Current issues and enduring questions : |
| Remainder of title | a guide to critical thinking and argument, with readings / |
| Statement of responsibility, etc | Sylvan Barnet, Hugo Bedau. |
| 250 ## - EDITION STATEMENT | |
| Edition statement | 9th ed. |
| 260 ## - PUBLICATION, DISTRIBUTION, ETC. (IMPRINT) | |
| Place of publication, distribution, etc | Boston ; |
| -- | New York, United States : |
| Name of publisher, distributor, etc | Bedford / St. Martin's, |
| Date of publication, distribution, etc | c.2011. |
| 300 ## - PHYSICAL DESCRIPTION | |
| Extent | xxxviii, 1031 p. : |
| Other physical details | photographs, plans ; |
| Dimensions | 24 cm. |
| 500 ## - GENERAL NOTE | |
| General note | Includes indexes. |
| 504 ## - BIBLIOGRAPHY, ETC. NOTE | |
| Bibliography, etc | Includes bibliographical references. |
| 653 ## - INDEX TERM--UNCONTROLLED | |
| Resource For college | |
| Arrived date list | April2014 |
| 655 ## - INDEX TERM--GENRE/FORM | |
| Form subdivision | |
| -- | 34232 |
| 650 #0 - SUBJECT ADDED ENTRY--TOPICAL TERM | |
| 9 (RLIN) | 13976 |
| Topical term or geographic name as entry element | Reasoning |
| 650 #0 - SUBJECT ADDED ENTRY--TOPICAL TERM | |
| 9 (RLIN) | 13977 |
| Topical term or geographic name as entry element | Logic |
| 700 1# - ADDED ENTRY--PERSONAL NAME | |
| Personal name | Bedau, Hugo Adam |
| 9 (RLIN) | 24409 |
| 942 ## - ADDED ENTRY ELEMENTS (KOHA) | |
| Source of classification or shelving scheme | Dewey Decimal Classification |
| Call number prefix | 168 BAR |
| Withdrawn status | Item status | Source of classification or shelving scheme | Damaged status | Not for loan | Vendor | Home library | Current library | Shelving location | Date acquired | Source of acquisition | Cost, normal purchase price | Total Checkouts | Total Renewals | Full call number | Barcode | Date last seen | Date last borrowed | Koha item type |
|---|---|---|---|---|---|---|---|---|---|---|---|---|---|---|---|---|---|---|
| Dewey Decimal Classification | Baccah | Central Library | Central Library | Lower Floor | 06/04/2014 | 520.00 | 2 | 1 | 168 BAR | 000035867 | 15/07/2025 | 31/07/2017 | Book - Borrowing |